00529 2200205 4500001002100000005001500021035002000036001002100056005001500077035002000092245001800112100002200130300002300152260004400175082001400219084002000233020001800253008004100271990001100312INLIS00000000000147720230126104025 a0010-0123000034INLIS00000000000097720230126103208 a0010-10200000141 aNaruto Vol.400 aMasashi Kishimoto a187 :bilus. ;c17 aJakarta :bElex Media Komputindo,c2008 a741.559 2 a741.559 2 MAS n a9789792055843230126 0  a002738